Topogénesis uno: ensayo sobre el cuerpo y la arquitectura
Saved in:
| Hovedforfatter: | |
|---|---|
| Format: | Bog |
| Sprog: | spansk |
| Udgivet: |
Barcelona
Oikos-Tau
1979
|
| Serier: | Arquitectura, 1
|
| Fag: | |
| Tags: |
Tilføj Tag
Ingen Tags, Vær først til at tagge denne postø!
|
MARC
| LEADER | 00000nam a2200000 a 4500 | ||
|---|---|---|---|
| 001 | UCL4589 | ||
| 003 | CL-VaPUC | ||
| 008 | 040116e19790000SP |||||||||||||||||spa|d | ||
| 020 | |a 8428104085 | ||
| 082 | 0 | 4 | |a 720.1 |b MUN |2 21 |
| 100 | |a Muntañola i Thornberg, Josep |e autor |9 483792 | ||
| 245 | 1 | 0 | |a Topogénesis uno: ensayo sobre el cuerpo y la arquitectura |
| 300 | |a 211 p | ||
| 942 | |c BK | ||
| 945 | |d 20040116 00:00:00 |a cmena | ||
| 260 | |a Barcelona |b Oikos-Tau |c 1979 | ||
| 650 | 0 | |a Filosofía de la arquitectura |9 267382 | |
| 650 | 0 | |a Diseño arquitectónico |9 265271 | |
| 650 | 0 | |a Cuerpo humano |9 257169 | |
| 583 | |a last modification |c 20040116 00:00:00 |k Rodrigo Vera | ||
| 490 | 0 | |a Arquitectura, 1 | |
| 999 | |c 307411 |d 307409 | ||
| 952 | |0 0 |1 0 |4 0 |6 720_100000000000000_MUN_1979 |7 0 |8 A |9 373359 |a BIBARQ |b BIBARQ |d 2019-11-21 |i 3981487 |o 720.1 MUN 1979 |p 3981487 |r 2025-01-20 |w 2019-11-21 |y BK |k ARQ | ||
| 952 | |0 0 |1 0 |4 0 |6 720_100000000000000_MUN_1979 |7 0 |8 A |9 373360 |a BIBARQ |b BIBARQ |d 2019-11-21 |i 3966682 |o 720.1 MUN 1979 |p 3966682 |r 2025-01-20 |w 2019-11-21 |y BK |k ARQ | ||